Koncentrácia príjmov obyvateľstva Slovenskej republiky vzhľadom na najvyššie dosiahnuté vzdelanie

Sociálno-ekonomické analýzy a koncentrácia rozdelenia príjmov medzi obyvateľstvo ako ich dôležitá súčasť. Zistenie závislosti medzi výškou príjmu a dosiahnutým stupňom vzdelania. Pri analýze sú využité miery: pomer kvintilov, Giniho koeficient, a Theilov index. Za jednu z možných príčin rôznej konce...

Descripción completa

Guardado en:
Detalles Bibliográficos
Autor principal: Sarvašová, Zuzana
Formato: Capítulo de libro
Lenguaje:eslovaco
Materias:
Etiquetas: Agregar Etiqueta
Sin Etiquetas, Sea el primero en etiquetar este registro!

MARC

LEADER 00000nla a2200000 4500
001 0180735
005 20240502073104.8
041 0 |a slo 
044 |a SK 
245 1 0 |a Koncentrácia príjmov obyvateľstva Slovenskej republiky vzhľadom na najvyššie dosiahnuté vzdelanie  |c Zuzana Sarvašová 
520 |a Sociálno-ekonomické analýzy a koncentrácia rozdelenia príjmov medzi obyvateľstvo ako ich dôležitá súčasť. Zistenie závislosti medzi výškou príjmu a dosiahnutým stupňom vzdelania. Pri analýze sú využité miery: pomer kvintilov, Giniho koeficient, a Theilov index. Za jednu z možných príčin rôznej koncentrácie rozdelenia príjmov sú aj zvyšujúce sa nároky zamestnávateľov na vzdelanie svojich zamestnancov. 
610 2 0 |a koncentrácia 
610 2 0 |a príjmy obyvateľstva 
610 2 0 |a nerovnosť dôchodková 
610 2 0 |a vzdelanie 
610 2 0 |a analýza sociálna 
610 2 0 |a analýza ekonomická 
610 2 0 |a Slovensko 
100 1 |a Sarvašová, Zuzana